Reinforced concrete structures (Record no. 11959)

000 -LEADER
fixed length control field 00572nam a2200217 a 4500
001 - CONTROL NUMBER
control field 11959
003 - CONTROL NUMBER IDENTIFIER
control field BD-DhUET
008 - FIXED-LENGTH DATA ELEMENTS--GENERAL INFORMATION
fixed length control field 741112s1975 nyua b 001 0 eng
020 ## - INTERNATIONAL STANDARD BOOK NUMBER
International Standard Book Number 0471659177
040 ## - CATALOGING SOURCE
Original cataloging agency DLC
Transcribing agency DLC
Modifying agency BD-DhUET
082 00 - DEWEY DECIMAL CLASSIFICATION NUMBER
Classification number 624.183
Item number PAR/1975
100 1# - MAIN ENTRY--PERSONAL NAME
Personal name Park, R.
245 10 - TITLE STATEMENT
Title Reinforced concrete structures
250 ## - EDITION STATEMENT
Edition statement 1st ed.
260 ## - PUBLICATION, DISTRIBUTION, ETC. (IMPRINT)
Place of publication, distribution, etc. New York
Name of publisher, distributor, etc. John Wiley & sons
Date of publication, distribution, etc. 1975
300 ## - PHYSICAL DESCRIPTION
Extent xvii, 769 p.
Other physical details ill.
Dimensions 24 cm.
504 ## - BIBLIOGRAPHY, ETC. NOTE
Bibliography, etc Includes bibliographies
650 #0 - SUBJECT ADDED ENTRY--TOPICAL TERM
Topical term or geographic name as entry element Reinforced concrete construction
700 ## - ADDED ENTRY--PERSONAL NAME
Personal name Paulay, T.
942 ## - ADDED ENTRY ELEMENTS (KOHA)
Koha item type General Book
Holdings
Piece designation (barcode) Source of classification or shelving scheme Location (home branch) Not for loan Date acquired Lost status Shelving location Koha full call number Copy number Koha item type Price effective from Koha normalized classification for sorting Koha date last seen Damaged status Withdrawn status Sublocation or collection (holding branch)
45222 Central Library, BUET 2015-02-22 Circulation section624.183/PAR/19751General Book2015-02-22624_183000000000000_PAR_19752015-02-22  Central Library, BUET
53443 Central Library, BUET 2015-05-05 Circulation section624.183/PAR/19752General Book2015-05-05624_183000000000000_PAR_19752015-05-05  Central Library, BUET
53440 Central Library, BUET 2015-05-06 Circulation section624.183/PAR/19753General Book2015-05-06624_183000000000000_PAR_19752015-05-06  Central Library, BUET
45221 Central Library, BUET 2015-05-07 Circulation section624.183/PAR/19754General Book2015-05-07624_183000000000000_PAR_19752015-05-07  Central Library, BUET
51135 Central Library, BUET 2015-05-07 Circulation section624.183/PAR/19755General Book2015-05-07624_183000000000000_PAR_19752015-05-07  Central Library, BUET
44970 Central Library, BUET 2015-06-25 Reading section624.183/PAR/19756General Book2015-06-25624_183000000000000_PAR_19752015-06-25  Central Library, BUET
53439 Central Library, BUET 1982-06-16 Cataloging section624.183 PAR/19757General Book2024-06-30624_183000000000000_PAR_19752024-06-30  Central Library, BUET